1905 1362 1429 1429 1555 1993 1377 1311 1306 1442 1511 1323 1353 1808 1518 1121 1668 1064 1367 1556 1244 1234 1117 1392 1748 1458 1128 1184 1604 1289 1633 1544 1896 1398 1102 1184 1502 1968 1964 1043 1195 1971 1283 1805 1146 1009 1506 1079 1162 1665 1431 1611 1266 1552 1939 1943 1097 1457 1067 1268 1357 1994 1831 1264 1550 1257 1778 1914 1446 1274 1062 1519 1129 1541 1238 1411 1087 1458 1477 1911 1652 1008 1036 1472 1388 1868 1963 1611 1363 1289 1962 1196 1104 1968 1377 1609 1046 1457 1539 BCNSPRNW ULIB Ver.6.0+V

เปลี่ยนเป็นภาษาไทย

Change to English
 แสดงรายละเอียดบรรณานุกรม
  กลับหน้าหลัก

Brief Record : Get Marc (ISO 2709) : E-mail record : QR code < ปิดหน้าต่าง
LEADER : 00000nam 2200000uu 4500
001    13399111767
003     ULIB
008    110627s2553||||th 000 0 tha d
020    9786160601295
090    นว.^bส731ค 2553
100 0  สิรินดา
245 00 ความรู้สึกดีที่เรียกว่ารัก : ลบรอยรัก/^cสิรินดา
250    พิมพ์ครั้งที่ 2
260    กรุงเทพฯ :^bแจ่มใส,^c2553
300    251 หน้า
945    ^p159^l0^i028061
995    ทศพร
999 ^a ใช้งานได้ทุกระบบ
รายการนี้ยังไม่มีแท็ก
คุณยังไม่ได้ล็อกอิน คุณสามารถมีกิจกรรมร่วมกับเว็บไซต์ได้ แต่ต้องล็อกอินก่อน ::
  ล็อกอิน

รายการสื่อสารสนเทศ

ลำดับที่ ประเภท เลขเรียก/บาร์โค้ด สถานที่ สถานะ
- ไม่พบข้อมูล -

รายการใกล้เคียง
    ผู้แต่ง [สิรินดา]

BibComment


ยังไม่เคยถูกคอมเมนท์

คอมเมนท์ทรัพยากรรายการนี้
  คอมเมนท์: ความรู้สึกดีที่เร..


 Copyright 2026. Bcnsprnw @Library